000
00260nam a22001097a 4500
008
170124b xxu||||| |||| 00| 0 eng d
020
_a
076714007994
041
_a
eng
080
_a
618.2
245
_a
MERCK MANUAL OF MEDICAL INFORMATION
_c
MERCK
942
_2
udc
_c
BK
999
_c
3443
_d
3443